Statistics for Top 10 Most Famous Paintings in the World

Click here to take the quiz!

General Stats

  • This quiz has been taken 1,387 times
    (1,347 since last reset)
  • The average score is 5 of 10

Answer Stats

#ArtistAnswer% Correct
1.Leonardo da VinciMona Lisa
93%
9.Edvard MunchThe Scream
85%
2.Vincent Van GoghThe Starry Night
74%
5.Gustav KlimtThe Kiss
66%
4.Leonardo da VinciThe Last Supper
64%
7.Pablo PicassoGuernica
54%
8.MichelangeloThe Creation of Adam
33%
3.Johannes VermeerGirl With a Pearl Earring
31%
6.MichelangeloThe Last Judgment
8%
10.Georgia O'KeeffeFrom the Lake
0%

Score Distribution

Percentile by Number Answered

Percent of People with Each Score

Your Score History

You have not taken this quiz since the last reset